000 01111nas a2200277 4500
001 BR9000053
003 BR-BrBNA
005 20231205091749.0
007 ta
008 230509b bl.|||p| |||| 00| 00por d
040 _aBR-BrBNA
_bpor
_cBiblioteca Nacional de Agricultura
041 _a(Pt)
072 _aH10
100 1 _aCastilho, H.J.
100 1 _aBotelho, P.S.M.
100 1 _aMacedo, N.
100 1 _aAraujo, J.R. de
245 1 _aAvaliacao de Allorhogas pyralophagus (Marsh, 1984)(Hymenoptera: Braconidae)como ectoparasitoide da broca da cana de acucar, Diatraea saccharalis (Fabricius, 1794)(Lepidoptera: Pyralidae)
246 1 _aEvaluation of Allorhogas pyralophagus (Marsh, 1984)(Hymenoptera: Braconidae)as an ectoparasitoid of the sugar cane borer Diatraea saccharalis (Fabricius, 1794)(Lepidoptera: Pyralidae)
650 _aCANA DE ACUCAR
650 _aBROCA
650 _aCONTROLE BIOLOGICO
773 0 _tAnais da Sociedade Entomologica do Brasil (Brazil)
_xISSN 0301-8059
_g(1989), v. 18(1) p. 75-89
_wBR9000053
909 _a202311
_bLúcia
_c55
_dLúcia Elande
942 _2AGRIS
_n0
_cANA
999 _c127190
_d127190